Thermal power plant performance analysis / (Record no. 355433)
[ view plain ]
| 000 -LEADER | |
|---|---|
| fixed length control field | 01344cam a22003857a 4500 |
| 001 - CONTROL NUMBER | |
| control field | 17049593 |
| 003 - CONTROL NUMBER IDENTIFIER | |
| control field | Nust- CAS-E |
| 005 - DATE AND TIME OF LATEST TRANSACTION | |
| control field | 20180118181401.0 |
| 008 - FIXED-LENGTH DATA ELEMENTS--GENERAL INFORMATION | |
| fixed length control field | 111118s2012 enka b 001 0 eng d |
| 010 ## - LIBRARY OF CONGRESS CONTROL NUMBER | |
| LC control number | 2011943798 |
| 020 ## - INTERNATIONAL STANDARD BOOK NUMBER | |
| International Standard Book Number | 9781447123088 |
| 020 ## - INTERNATIONAL STANDARD BOOK NUMBER | |
| International Standard Book Number | 1447123085 |
| 020 ## - INTERNATIONAL STANDARD BOOK NUMBER | |
| Canceled/invalid ISBN | 9781447123095 |
| 020 ## - INTERNATIONAL STANDARD BOOK NUMBER | |
| Canceled/invalid ISBN | 1447123093 |
| 035 ## - SYSTEM CONTROL NUMBER | |
| System control number | (OCoLC)ocn817247356 |
| 040 ## - CATALOGING SOURCE | |
| Original cataloging agency | JNA |
| Transcribing agency | JNA |
| Modifying agency | DLC |
| 042 ## - AUTHENTICATION CODE | |
| Authentication code | lccopycat |
| 050 00 - LIBRARY OF CONGRESS CALL NUMBER | |
| Classification number | TJ164 |
| Item number | .T475 2012 |
| 082 ## - DEWEY DECIMAL CLASSIFICATION NUMBER | |
| Classification number | 621.18 |
| Author Mark | THE 2012 |
| 245 00 - TITLE STATEMENT | |
| Title | Thermal power plant performance analysis / |
| Statement of responsibility, etc. | Gilberto Francisco Martha de Souza, editor. |
| 260 ## - PUBLICATION, DISTRIBUTION, ETC. | |
| Place of publication, distribution, etc. | London ; |
| -- | New York : |
| Name of publisher, distributor, etc. | Springer, |
| Date of publication, distribution, etc. | c2012. |
| 300 ## - PHYSICAL DESCRIPTION | |
| Extent | 287 p. : |
| Other physical details | ill. (some col.) ; |
| Dimensions | 24 cm. |
| 490 1# - SERIES STATEMENT | |
| Series statement | Springer series in reliability engineering, |
| International Standard Serial Number | 1614-7839 |
| 490 1# - SERIES STATEMENT | |
| Series statement | Springer series in reliability engineering, |
| International Standard Serial Number | 2191-5377 |
| 504 ## - BIBLIOGRAPHY, ETC. NOTE | |
| Bibliography, etc. note | Includes bibliographical references and index. |
| 650 #0 - SUBJECT ADDED ENTRY--TOPICAL TERM | |
| Topical term or geographic name entry element | Power-plants. |
| 650 #0 - SUBJECT ADDED ENTRY--TOPICAL TERM | |
| Topical term or geographic name entry element | Power-plants |
| General subdivision | Reliability. |
| 650 #0 - SUBJECT ADDED ENTRY--TOPICAL TERM | |
| Topical term or geographic name entry element | Steam power plants. |
| 700 1# - ADDED ENTRY--PERSONAL NAME | |
| Personal name | Souza, Gilberto Francisco Martha de. |
| 830 #0 - SERIES ADDED ENTRY--UNIFORM TITLE | |
| Uniform title | Springer series in reliability engineering. |
| 906 ## - LOCAL DATA ELEMENT F, LDF (RLIN) | |
| a | 7 |
| b | cbc |
| c | copycat |
| d | 2 |
| e | ncip |
| f | 20 |
| g | y-gencatlg |
| 942 ## - ADDED ENTRY ELEMENTS (KOHA) | |
| Source of classification or shelving scheme | |
| Koha item type | Book |
| Withdrawn status | Lost status | Source of classification or shelving scheme | Damaged status | Not for loan | Collection code | Permanent Location | Current Location | Shelving location | Date acquired | Source of acquisition | Total Checkouts | Full call number | Barcode | Date last seen | Cost, replacement price | Price effective from | Koha item type |
|---|---|---|---|---|---|---|---|---|---|---|---|---|---|---|---|---|---|
| US-Pakistan Center for Advanced Studies in Energy (USPCAS-E) | US-Pakistan Center for Advanced Studies in Energy (USPCAS-E) | General Stacks | 06/14/2013 | Victoria co | 621.18 THE 2012 | CAS-E0000364 | 08/21/2014 | 12108.00 | 08/21/2014 | Book |
